| 000 | 00555nam a2200217 4500 | ||
|---|---|---|---|
| 008 | b xx# fre u | ||
| 010 | _a42793 | ||
| 020 | _a2091034320 | ||
| 020 | _a9782091034324 | ||
| 040 | _aLB-BrCRDP | ||
| 082 | _a372.21/G683L | ||
| 100 | 1 | _aGot, Véronique | |
| 130 | 0 | _lFR | |
| 245 | 1 | 0 |
_aLangage avec les 4/5 ans _cVéronique Got |
| 260 |
_a[Paris] : _bNathan _c1993 |
||
| 300 |
_a48p. ; _c26cm |
||
| 490 | 0 | _aUne année de | |
| 650 | _aEnseignement préscolaire | ||
| 942 | _cBK | ||
| 999 |
_c12154 _d12154 |
||